000 00930nas a2200277 4500
001 BR0200686
003 BR-BrBNA
005 20231205102753.0
007 ta
008 230509b bl.|||p| |||| 00| 00por d
040 _aBR-BrBNA
_bpor
_cBiblioteca Nacional de Agricultura
041 _a(Pt)
072 _aL10
100 1 _aHoe, F.G.H.
100 1 _aSouza, F.F. de
100 1 _aTrinca, L.
100 1 _aLopes, M.D.
111 1 _a14. Congresso Brasileiro de Reprodução Animal
_cBelo Horizonte, MG (Brazil)
_d1-5 Aug 2001
245 1 _aEfeito do diluidor sobre a viabilidade das células espermáticas caninas, mantidas à 37 graus
650 _aCÂO
650 _aSÊMEN
650 _aMELHORAMENTO GENÉTICO ANIMAL
773 0 _tRevista Brasileira de Reprodução Animal (Brazil)
_xISSN 0102-0803
_g(Jul-Sep 2001), v. 25(3) p.466-467
_wBR0200686
909 _a202311
_bLúcia
_c55
_dLúcia Elande
942 _2AGRIS
_n0
_cANA
999 _c169248
_d169248